Rail work puts Skanska ahead (Record no. 66513)

MARC details
000 -LEADER
fixed length control field 01011cam a2200241 4500
001 - CONTROL NUMBER
control field ABS63637
008 - FIXED-LENGTH DATA ELEMENTS--GENERAL INFORMATION
fixed length control field 000000n2001 000 0 eng u
035 ## - SYSTEM CONTROL NUMBER
System control number (Sirsi) u111626
100 ## - MAIN ENTRY--PERSONAL NAME
Personal name Atkinson, J.
245 ## - TITLE STATEMENT
Title Rail work puts Skanska ahead
260 ## - PUBLICATION, DISTRIBUTION, ETC.
Date of publication, distribution, etc. 2001
490 ## - SERIES STATEMENT
Series statement Contract Journal
Volume/sequential designation 407(6319) 21 March 2001, 22-23(2)
520 ## - SUMMARY, ETC.
Summary, etc. Provides details of Contract Journal's February 2001 rankings of the UK's 50 most successful construction firms, by the value of contracts awarded. Totals for February reveal a huge drop in the number of new orders, in comparison with January. Skanska remained top of the league table for the second month running, largely due to its success with the Channel Tunnel Rail Link. Tables.
590 ## - LOCAL NOTE (RLIN)
Local note ABS
650 ## - SUBJECT ADDED ENTRY--TOPICAL TERM
Topical term or geographic name entry element CONSTRUCTION FIRMS
650 ## - SUBJECT ADDED ENTRY--TOPICAL TERM
Topical term or geographic name entry element BUILT ENVIRONMENT
650 ## - SUBJECT ADDED ENTRY--TOPICAL TERM
Topical term or geographic name entry element LEAGUE TABLES
650 ## - SUBJECT ADDED ENTRY--TOPICAL TERM
Topical term or geographic name entry element REGIONS
650 ## - SUBJECT ADDED ENTRY--TOPICAL TERM
Topical term or geographic name entry element SKANSKA
650 ## - SUBJECT ADDED ENTRY--TOPICAL TERM
Topical term or geographic name entry element CHANNEL TUNNEL RAIL LINK
690 ## - LOCAL SUBJECT ADDED ENTRY--TOPICAL TERM (OCLC, RLIN)
Topical term or geographic name as entry element BUILT ENVIRONMENT-BUILDING CONTRACT FORMS
942 ## - ADDED ENTRY ELEMENTS (KOHA)
Suppress in OPAC 0
Holdings
Withdrawn status Lost status Source of classification or shelving scheme Damaged status Not for loan Home library Current library Shelving location Date acquired Total Checkouts Full call number Barcode Date last seen Copy number Price effective from Koha item type
    Dewey Decimal Classification     London London Journal article 23/03/2001   ABS63637 111626-1001 06/08/2019 1 06/08/2019 Journal article